[Event "EOC-ch Playoff-A 2021"]
[Site "Online"]
[Date "2021.03.29"]
[Round "1.1"]
[White "Artemiev, Vladislav"]
[Black "Grandelius, Nils"]
[Result "1/2-1/2"]
[WhiteElo "2709"]
[BlackElo "2663"]
[Annotator "TA"]
[PlyCount "87"]
[EventDate "2021.03.29"]
[EventType "team-tourn"]
[EventCountry "NET"]
[SourceTitle "playchess.com"]
[Source "ChessBase"]
[SourceQuality "1"]

{[%evp 11,87,-12,-6,-5,0,-6,0,-22,-22,-18,-12,-17,-8,-19,20,-6,-8,-8,-9,-7,-11,-3,-7,-6,0,0,20,20,19,19,30,6,17,13,47,0,0,0,0,0,-2,-21,-10,-10,-7,-9,-9,-9,-7,-8,-8,-8,-8,-8,0,0,0,0,0,0,0,0,0,0,0,0,0,0,0,0,0,0,0,0,0,0,0,0]} 1. e4 c5 2. Nf3 d6 3. Nc3 e6 4. Bc4 Nf6 5. O-O Be7 6. d3 O-O 7. Re1 {B50: Sicilian: 2...d6, Miscellaneous.} Nc6 8. a3 a6 9. Ba2 b5 10. Ne2 Bb7 11. c3 Ne5 12. Ng3 Rc8 {[#]} 13. Bb1 $146 (13. d4 $5 {[%cal Rd4e5]} Nxf3+ 14. Qxf3 $11) ({Predecessor:} 13. d4 cxd4 14. cxd4 Nxf3+ 15. Qxf3 d5 16. e5 Ne4 17. Be3 Rc2 18. Re2 Qc7 19. Bb3 Rxe2 20. Qxe2 {1-0 (30) Orndahl,M (2186)-Travadon,L (2351) chess.com INT 2018}) 13... Nfd7 14. d4 cxd4 15. cxd4 Nxf3+ 16. Qxf3 Bg5 17. Bf4 (17. Ba2 {looks sharper.} Re8 18. Qe2 g6 19. Be3 Nb6 20. Rac1) 17... Bxf4 18. Qxf4 e5 19. Qd2 g6 20. Ba2 Qf6 21. Rad1 Nb6 22. f3 Rfd8 23. Nf1 exd4 {The position is equal.} 24. Qxd4 Qxd4+ 25. Rxd4 Rc2 26. Rd2 (26. Rb1 {seems wilder.} Na4 27. Ne3 Rxb2 28. Rxb2 Nxb2 29. Kf2) 26... Rxd2 27. Nxd2 d5 28. exd5 Bxd5 29. Bxd5 Rxd5 $11 {[%mdl 4096] Endgame KRN-KRN} 30. Ne4 {[#] Nf6+ is the strong threat.} Kg7 31. Kf2 Nc4 32. Re2 h6 33. Rc2 f5 34. Nc3 Rd3 35. a4 Nxb2 36. Ke2 f4 37. Rxb2 Rxc3 38. axb5 axb5 39. Rxb5 {KR-KR} Rc2+ 40. Kf1 Rc1+ 41. Kf2 Rc2+ 42. Kf1 Rc1+ 43. Kf2 Rc2+ 44. Kf1 {A rather calm draw.  Weighted Error Value: White=0.05/Black=0.04} 1/2-1/2

[Event "EOC-ch Playoff-A 2021"]
[Site "Online"]
[Date "2021.03.29"]
[Round "1.2"]
[White "Svane, Rasmus"]
[Black "Kamsky, Gata"]
[Result "1-0"]
[WhiteElo "2613"]
[BlackElo "2665"]
[Annotator "TA"]
[PlyCount "105"]
[EventDate "2021.03.29"]
[EventType "team-tourn"]
[EventCountry "NET"]
[SourceTitle "playchess.com"]
[Source "ChessBase"]
[SourceQuality "1"]

{[%evp 9,105,24,25,22,26,20,35,33,34,33,43,36,45,30,33,26,45,44,44,30,51,0,0,0,17,5,44,41,26,35,68,68,69,28,118,69,68,62,60,36,45,29,64,47,42,26,67,57,65,58,58,38,85,88,86,43,88,0,0,0,0,0,0,-39,-21,-19,-37,-66,-55,-85,0,0,0,0,168,156,164,163,164,133,362,353,360,345,348,345,516,377,324,0,452,461,1242,1254,1224,1155,29975,5397]} 1. d4 d5 2. c4 c6 3. Nf3 Nf6 4. Nbd2 g6 (4... Bf5 5. Nh4 Be6 6. e3 g6 7. b3 Bg7 8. Bb2 O-O 9. Be2 a5 10. O-O Na6 11. a3 Qb6 12. Rc1 Ne4 13. Nhf3 Nxd2 14. Nxd2 Rfd8 15. cxd5 cxd5 16. Bd3 Nb8 17. Qc2 Nc6 {0-1 (57) Svane,R (2613)-Kamsky,G (2665) Chess.com INT 2021}) 5. b3 Bg7 6. Bb2 {D11: Slav Defence: 3 Nf3 sidelines and 3...Nf6 4 e3 Bg4.} O-O 7. e3 Bg4 8. Be2 {White is slightly better.} e6 9. O-O Nbd7 10. h3 Bxf3 11. Bxf3 {[#]} a5 $146 ({Predecessor:} 11... Qe7 12. Rc1 Rfd8 13. Qc2 a5 14. Rfd1 a4 15. Bc3 axb3 16. axb3 h5 17. Qb2 Nh7 {1-0 (48) Moradiabadi,E (2537)-Rohde,M (2386) Dulles 2018}) 12. Qc2 Qb8 13. Rfc1 Rd8 14. a3 Ne8 15. e4 (15. Be2 $14) 15... dxe4 $11 16. Nxe4 Nef6 17. Ng3 Ne8 18. Re1 Nd6 19. Rad1 Qa7 20. h4 Rac8 21. h5 Nf6 (21... a4 $1 $11) 22. Bc1 b5 23. c5 Nde8 24. Bf4 Nd5 25. Be5 Nef6 26. Qc1 Qe7 27. Qd2 Qa7 28. h6 {Black must now prevent Bxd5.} Bf8 29. Bxd5 Nxd5 30. Ne4 f5 31. Nd6 Ra8 32. Re2 Qe7 33. Rde1 (33. Bg3 $16) 33... Qh4 34. Bg7 Bxg7 35. hxg7 Nf4 36. Re3 Qg5 {[%csl Gf4][%cal Rg5g2]} ({Much weaker is} 36... Kxg7 $6 37. d5 $14) 37. g3 Nd5 $1 38. Qd3 ({But not} 38. f4 Nxf4 39. Kf1 Nd5 $17) 38... Nxe3 39. Rxe3 Qe7 (39... Kxg7 40. Rxe6 Qc1+ 41. Kg2 $16) ({Black should play} 39... Qf6 $17 40. Re5 {[#]} Rxd6 $1 41. cxd6 Rd8) 40. Qe2 Qxg7 41. Rxe6 Ra7 $2 (41... Qxd4 $11 {and Black stays safe.} 42. Re7 Qa1+ 43. Kg2 Qf6) 42. Re8+ $18 Rxe8 43. Qxe8+ $16 {[%mdl 4160] [#] Endgame Double Attack. KQR-KQN} Qf8 {And now ...Qxe8 would win.} 44. Qxc6 b4 $2 (44... Re7 $16) 45. axb4 $18 axb4 46. Qd5+ Kg7 47. Qe5+ Kh6 (47... Kg8 $142 48. c6 Re7 49. Qd5+ Kh8) 48. Qf4+ Kg7 49. Qe5+ Kh6 $1 {intending ...Re7.} 50. c6 Ra1+ (50... Qe7 $142 51. Qxe7 Rxe7) 51. Kg2 Ra7 52. d5 Qd8 53. Qe3+ {[%mdl 64] Double Attack.  Weighted Error Value: White=0.20/Black=0.35} 1-0

[Event "EOC-ch Playoff-A 2021"]
[Site "Online"]
[Date "2021.03.29"]
[Round "1.3"]
[White "Timofeev, Artyom"]
[Black "Engel, Luis"]
[Result "1-0"]
[WhiteElo "2594"]
[BlackElo "2553"]
[Annotator "ChessBase"]
[PlyCount "129"]
[EventDate "2021.03.29"]
[EventType "team-tourn"]
[EventCountry "NET"]
[SourceTitle "playchess.com"]
[Source "ChessBase"]
[SourceQuality "1"]
[TimeControl "900+5"]

1. d4 {[%emt 0:00:00]} Nf6 {[%emt 0:00:03]} 2. c4 {[%emt 0:00:03]} e6 {[%emt 0:00:01]} 3. g3 {[%emt 0:00:04]} d5 {[%emt 0:00:14]} 4. Bg2 {[%emt 0:00:03]} Be7 {[%emt 0:00:42]} 5. Nf3 {[%emt 0:00:17]} O-O {[%emt 0:00:01]} 6. O-O {[%emt 0:00:04]} dxc4 {[%emt 0:00:02]} 7. Ne5 {[%emt 0:00:17]} Nc6 {[%emt 0:00:02]} 8. Nxc6 {[%emt 0:00:04]} bxc6 {[%emt 0:00:00]} 9. Bxc6 {[%emt 0:00:03]} Rb8 {[%emt 0:00:04]} 10. Nc3 {[%emt 0:00:30]} Bb7 {[%emt 0:02:09]} 11. Bxb7 {[%emt 0:02:20]} Rxb7 {[%emt 0:00:00]} 12. b3 {[%emt 0:00:45]} cxb3 {[%emt 0:00:24]} 13. axb3 {[%emt 0:00:03]} c5 {[%emt 0:01:59]} 14. dxc5 {[%emt 0:00:03]} Bxc5 {[%emt 0:00:27]} 15. Na4 {[%emt 0:01:06]} Bd4 {[%emt 0:01:13]} 16. Bb2 {[%emt 0:00:52]} Bxb2 {[%emt 0:00:13]} 17. Nxb2 {[%emt 0:00:02]} Qb8 {[%emt 0:00:49]} 18. Ra3 {[%emt 0:00:15]} Rd8 {[%emt 0:00:17]} 19. Qc2 {[%emt 0:00:07]} h5 {[%emt 0:00:38]} 20. Nc4 {[%emt 0:00:27]} h4 {[%emt 0:00:43]} 21. Kg2 {[%emt 0:03:30]} Rb5 {[%emt 0:01:27]} 22. Rd1 {[%emt 0:00:58]} hxg3 {[%emt 0:00:57]} 23. hxg3 {[%emt 0:00:08]} Rxd1 {[%emt 0:00:27]} 24. Qxd1 {[%emt 0:00:04]} Rd5 {[%emt 0:01:12]} 25. Qc1 {[%emt 0:00:19]} Rf5 {[%emt 0:00:37]} 26. Ne3 {[%emt 0:01:35]} Qb7+ {[%emt 0:00:43]} 27. f3 {[%emt 0:00:03]} Rb5 {[%emt 0:00:29]} 28. Qc3 {[%emt 0:00:49]} e5 {[%emt 0:00:28]} 29. Nf5 {[%emt 0:01:10]} Qd7 {[%emt 0:00:36]} 30. Qc8+ {[%emt 0:00:27]} Qxc8 {[%emt 0:00:02]} 31. Ne7+ {[%emt 0:00:01]} Kf8 {[%emt 0:00:00]} 32. Nxc8 {[%emt 0:00:01]} a5 {[%emt 0:00:03]} 33. Nd6 {[%emt 0:00:04]} Rb4 {[%emt 0:00:10]} 34. Rxa5 {[%emt 0:00:09]} Rxb3 {[%emt 0:00:02]} 35. Rxe5 {[%emt 0:00:03]} Rb6 {[%emt 0:00:04]} 36. Nc4 {[%emt 0:00:12]} Rc6 {[%emt 0:00:01]} 37. Ne3 {[%emt 0:00:07]} Nd7 {[%emt 0:00:04]} 38. Rb5 {[%emt 0:00:06]} g6 {[%emt 0:00:05]} 39. Kf2 {[%emt 0:00:03]} Kg7 {[%emt 0:00:02]} 40. g4 {[%emt 0:00:02]} Re6 {[%emt 0:00:09]} 41. Rb7 {[%emt 0:00:13]} Nf8 {[%emt 0:00:08]} 42. g5 {[%emt 0:00:09]} Rc6 {[%emt 0:00:10]} 43. Ng4 {[%emt 0:00:20]} Rc5 {[%emt 0:00:11]} 44. f4 {[%emt 0:00:05]} Ne6 {[%emt 0:00:05]} 45. e3 {[%emt 0:00:03]} Rc7 {[%emt 0:00:07]} 46. Rb8 {[%emt 0:00:05]} Rc5 {[%emt 0:00:10]} 47. Nf6 {[%emt 0:00:05]} Nxg5 {[%emt 0:00:03]} 48. Ne8+ {[%emt 0:00:06]} Kf8 {[%emt 0:00:10]} 49. fxg5 {[%emt 0:00:04]} Rxg5 {[%emt 0:00:04]} 50. Nf6+ {[%emt 0:00:07]} Kg7 {[%emt 0:00:08]} 51. Ne4 {[%emt 0:00:02]} Re5 {[%emt 0:00:02]} 52. Kf3 {[%emt 0:00:02]} Ra5 {[%emt 0:00:03]} 53. Rb7 {[%emt 0:00:03]} Rf5+ {[%emt 0:00:01]} 54. Ke2 {[%emt 0:00:02]} g5 {[%emt 0:00:05]} 55. Ng3 {[%emt 0:00:05]} Re5 {[%emt 0:00:03]} 56. Kf3 {[%emt 0:00:03]} Kg6 {[%emt 0:00:04]} 57. e4 {[%emt 0:00:06]} Ra5 {[%emt 0:00:10]} 58. Rb6+ {[%emt 0:00:02]} f6 {[%emt 0:00:04]} 59. Nf5 {[%emt 0:00:05]} Ra3+ {[%emt 0:00:03]} 60. Kg4 {[%emt 0:00:02]} Ra4 {[%emt 0:00:01]} 61. Re6 {[%emt 0:00:03]} Kf7 {[%emt 0:00:04]} 62. Re7+ {[%emt 0:00:02]} Kf8 {[%emt 0:00:02]} 63. Kh5 {[%emt 0:00:03]} Ra5 {[%emt 0:00:03]} 64. Kg6 {[%emt 0:00:02]} Rxf5 {[%emt 0:00:06]} 65. Rf7+ {[%emt 0:00:03]} 1-0

[Event "EOC-ch Playoff-A 2021"]
[Site "Online"]
[Date "2021.03.29"]
[Round "1.4"]
[White "Heinemann, Thies"]
[Black "Sharafiev, Azat"]
[Result "0-1"]
[WhiteElo "2502"]
[BlackElo "2432"]
[Annotator "ChessBase"]
[PlyCount "90"]
[EventDate "2021.03.29"]
[EventType "team-tourn"]
[EventCountry "NET"]
[SourceTitle "playchess.com"]
[Source "ChessBase"]
[SourceQuality "1"]
[TimeControl "900+5"]

1. e4 {[%emt 0:00:00]} e5 {[%emt 0:00:03]} 2. Nf3 {[%emt 0:00:03]} Nc6 {[%emt 0:00:03]} 3. Bb5 {[%emt 0:00:01]} Nf6 {[%emt 0:00:05]} 4. Qe2 {[%emt 0:00:21]} Bc5 {[%emt 0:00:05]} 5. d3 {[%emt 0:00:05]} d6 {[%emt 0:00:32]} 6. Nbd2 {[%emt 0:00:15]} O-O {[%emt 0:00:09]} 7. c3 {[%emt 0:00:04]} Ne7 {[%emt 0:00:43]} 8. d4 {[%emt 0:00:18]} exd4 {[%emt 0:00:10]} 9. cxd4 {[%emt 0:00:02]} Bb6 {[%emt 0:00:02]} 10. d5 {[%emt 0:01:40]} Nexd5 {[%emt 0:01:00]} 11. exd5 {[%emt 0:00:10]} c6 {[%emt 0:00:02]} 12. O-O {[%emt 0:01:18]} Re8 {[%emt 0:00:12]} 13. Qd3 {[%emt 0:00:06]} cxb5 {[%emt 0:00:07]} 14. Qxb5 {[%emt 0:00:21]} Bg4 {[%emt 0:01:51]} 15. b3 {[%emt 0:02:35]} a6 {[%emt 0:03:29]} 16. Qd3 {[%emt 0:00:05]} Qd7 {[%emt 0:00:06]} 17. Nc4 {[%emt 0:00:16]} Bc5 {[%emt 0:01:04]} 18. b4 {[%emt 0:03:46]} b5 {[%emt 0:00:29]} 19. bxc5 {[%emt 0:01:03]} bxc4 {[%emt 0:00:03]} 20. Qxc4 {[%emt 0:00:03]} Bxf3 {[%emt 0:00:25]} 21. gxf3 {[%emt 0:00:08]} dxc5 {[%emt 0:01:15]} 22. Qxc5 {[%emt 0:00:07]} Qh3 {[%emt 0:01:55]} 23. Bg5 {[%emt 0:01:09]} Re5 {[%emt 0:00:43]} 24. Bf4 {[%emt 0:00:22]} Rxd5 {[%emt 0:00:33]} 25. Qc6 {[%emt 0:00:07]} Rad8 {[%emt 0:00:36]} 26. Rfe1 {[%emt 0:01:14]} Qxf3 {[%emt 0:00:14]} 27. Bg3 {[%emt 0:00:05]} h5 {[%emt 0:00:26]} 28. Rac1 {[%emt 0:00:34]} a5 {[%emt 0:00:17]} 29. Qc3 {[%emt 0:00:22]} Qg4 {[%emt 0:00:05]} 30. Qc4 {[%emt 0:00:11]} Rd4 {[%emt 0:00:05]} 31. Qe2 {[%emt 0:00:29]} h4 {[%emt 0:00:05]} 32. Qxg4 {[%emt 0:00:10]} Rxg4 {[%emt 0:00:01]} 33. Rc5 {[%emt 0:00:04]} hxg3 {[%emt 0:00:03]} 34. hxg3 {[%emt 0:00:01]} a4 {[%emt 0:00:09]} 35. Re2 {[%emt 0:00:03]} Rgd4 {[%emt 0:00:05]} 36. Ra5 {[%emt 0:00:05]} g6 {[%emt 0:00:10]} 37. Kg2 {[%emt 0:00:03]} R8d7 {[%emt 0:00:03]} 38. Ra6 {[%emt 0:00:01]} Kg7 {[%emt 0:00:02]} 39. Re3 {[%emt 0:00:08]} Rc7 {[%emt 0:00:13]} 40. Ra3 {[%emt 0:00:04]} Rcc4 {[%emt 0:00:01]} 41. Ra7 {[%emt 0:00:07]} Nd5 {[%emt 0:00:05]} 42. Rf3 {[%emt 0:00:05]} Rc7 {[%emt 0:00:02]} 43. Ra5 {[%emt 0:00:10]} Nc3 {[%emt 0:00:04]} 44. a3 {[%emt 0:00:02]} Rd2 {[%emt 0:00:08]} 45. Ra6 {[%emt 0:00:08]} Ra2 {[%emt 0:00:05]} 0-1

[Event "EOC-ch Playoff-A 2021"]
[Site "Online"]
[Date "2021.03.29"]
[Round "1.5"]
[White "Amin, Bassem"]
[Black "Mikhalevski, Victor"]
[Result "1-0"]
[WhiteElo "2695"]
[BlackElo "2552"]
[Annotator "TA"]
[PlyCount "139"]
[EventDate "2021.03.29"]
[EventType "team-tourn"]
[EventCountry "NET"]
[SourceTitle "playchess.com"]
[Source "ChessBase"]
[SourceQuality "1"]

{[%evp 12,139,18,9,37,19,20,20,22,14,15,13,27,25,34,26,42,22,127,108,116,125,114,83,135,79,99,64,78,51,50,52,72,18,17,14,40,40,37,37,54,8,23,31,61,43,88,96,106,111,119,112,147,141,156,146,168,159,179,160,194,177,218,216,247,233,240,228,239,228,219,219,324,331,310,318,283,280,420,402,583,462,1410,1410,1396,1389,1396,1396,1389,1389,1389,1389,1389,1381,1367,1351,1345,0,1338,1289,1315,1270,1222,1204,960,178,1283,1294,1323,1292,1315,1268,1163,1168,864,735,1745,1615,29978,29979,29985,29985,29986,29987,29987,29988,29988,29989,29989,29990]} 1. e4 e5 2. Nf3 Nc6 3. Bc4 Bc5 4. O-O Nf6 5. d3 d6 6. c3 h6 7. Re1 O-O {C54: Giuoco Piano: 4 c3 Nf6, main lines with 5 d4 and 5 d3.} 8. Nbd2 {[%cal Bb1d2,Bd2f1,Bf1g3][%mdl 32]} a5 9. Nf1 Ne7 {The position is equal.} 10. Ng3 Ng6 11. h3 c6 12. Bb3 {[#]} d5 $146 ({Predecessor:} 12... Re8 13. d4 exd4 14. cxd4 Bb6 15. Qc2 Be6 16. Bxe6 Rxe6 17. Be3 d5 18. e5 Nd7 {½-½ (36) Kacharava,N (2206)-Gharibyan,M (2346) Jermuk 2017}) 13. exd5 Nxd5 14. Nxe5 {[%mdl 64] [#] Remove Defender} Nxe5 (14... Bxf2+ $11 {keeps the balance.} 15. Kxf2 Nxe5) 15. d4 $16 {[%mdl 64] Double Attack} Nd7 {Threatens to win with ...Bd6.} 16. Bxd5 cxd5 17. dxc5 Nxc5 18. Bf4 ({White should try} 18. Nh5 {Hoping for Qd4!} Ne6 19. Re5) 18... Be6 19. Qd4 Qh4 20. Qxc5 Qxf4 21. Rad1 Rfc8 22. Qd4 (22. Qb6 $16) 22... Qxd4 $11 23. Rxd4 Rc4 24. Rxc4 dxc4 $14 {[%mdl 4096] Endgame KRB-KRN} 25. Re5 Bd7 26. Ne2 Re8 27. Rxe8+ Bxe8 $11 {KB-KN} 28. f3 Kf8 29. Kf2 {Black is on the road to losing.} Ke7 {[#]} 30. Ke3 $1 Kd6 31. Kd4 b5 32. a4 bxa4 33. Ng3 Bd7 34. Ne4+ ({Much less strong is} 34. Kxc4 $6 Ke5 $14) 34... Kc6 35. Kxc4 Be6+ 36. Kd4 Bb3 37. h4 Bd1 38. c4 Bc2 39. Ng3 Bg6 40. Ne2 Bc2 41. Nf4 g5 (41... Kd6 $142 42. Nh5 g5) 42. hxg5 $18 hxg5 43. Nh3 f6 44. Nf2 f5 (44... Kd6 $142 45. Ne4+ Ke7) 45. g3 Kd6 (45... Kc7 $142 46. Kc5 Kd8) 46. f4 gxf4 (46... g4 $142 47. Nd3 Bb3) 47. gxf4 Kc6 48. Nh1 Bd1 49. Ng3 Bg4 50. Nf1 Bf3 51. Ne3 Be4 52. Nd5 Kd6 53. Nc3 Bc2 54. Nd5 Be4 55. Nf6 Bc2 56. Nh5 Be4 57. Ng3 Bc2 58. Nf1 $2 (58. Ne2 Kc6 59. Nc3) 58... Bb1 $2 (58... Kc6 59. Ne3 Be4) 59. Nd2 {Strongly threatening c5+.} Bc2 60. c5+ Kc6 61. Nc4 Be4 62. Nxa5+ Kb5 63. Nc4 Kb4 64. Nd6 Ba8 65. Nxf5 {White mates.} Kb3 66. Ne3 ({Not} 66. Ne7 Kxb2 67. Nd5 Bxd5 $16) 66... Kxb2 67. f5 Bc6 68. Nc4+ Kc2 69. f6 Be8 70. c6 {Weighted Error Value: White=0.32/Black=0.30} 1-0

[Event "EOC-ch Playoff-A 2021"]
[Site "Online"]
[Date "2021.03.29"]
[Round "1.6"]
[White "Postny, Evgeny"]
[Black "Van Wely, Loek"]
[Result "0-1"]
[WhiteElo "2605"]
[BlackElo "2620"]
[Annotator "TA"]
[PlyCount "78"]
[EventDate "2021.03.29"]
[EventType "team-tourn"]
[EventCountry "NET"]
[SourceTitle "playchess.com"]
[Source "ChessBase"]
[SourceQuality "1"]

{[%evp 10,78,8,11,8,12,13,1,13,0,10,10,15,9,15,2,17,10,19,14,13,22,14,7,2,8,0,0,137,18,7,0,0,0,0,-8,0,0,0,0,0,0,16,14,28,19,34,31,104,110,83,14,14,14,14,8,66,0,0,-568,-516,-415,-225,-323,-339,-343,-337,-345,-353,-358,-320]} 1. d4 d5 2. c4 c6 3. Nf3 Nf6 4. Qc2 dxc4 5. Qxc4 Bg4 6. Nbd2 (6. Bf4 {is interesting.} e6 7. Nbd2 Nbd7 8. a3 c5 9. e3) 6... Nbd7 {D23: Queen's Gambit Accepted: 3 Nf3 Nf6 sidelines.} 7. g3 e6 8. Bg2 Be7 {The position is equal.} 9. O-O O-O 10. b3 Rc8 11. Bb2 b5 12. Qc2 c5 13. Rfc1 Qb6 {[#]} 14. e3 $146 ({Predecessor:} 14. Qd1 a6 15. Qf1 Rfd8 16. e3 Nd5 17. h3 Bxf3 18. Bxf3 Qa5 19. Bxd5 exd5 20. dxc5 Nxc5 {1-0 (58) Berkes,F (2662)-Gledura,B (2621) Budapest 2018}) 14... Rfd8 15. a4 a6 16. axb5 axb5 17. h3 Bh5 18. Qd3 c4 (18... Nd5 $11 {keeps the balance.}) 19. Qe2 (19. bxc4 $16 {Strongly threatening c5.} Bg6 20. Qe2) 19... cxb3 20. Nxb3 Ne4 21. g4 Bg6 22. Bf1 b4 23. Qb5 Nc3 24. Qxb6 Nxb6 25. Ne5 Be4 26. Ra7 Kf8 27. Rca1 f6 28. Nd3 {Black must now prevent Nbc5.} Nc4 (28... Bd5 $14 29. Nbc5 Bxc5 30. Nxc5 Ne4) 29. Bxc3 $16 bxc3 {[#]} 30. Ndc5 (30. Nf4 $1 $16 {[%cal Rf4e6]} Kf7 31. Nc5 Rxc5 32. dxc5) 30... Bxc5 $11 31. Nxc5 Rxc5 32. dxc5 Nd2 ({Black should try} 32... c2 $1 $11 33. Rc1 (33. Bxc4 $2 Rd1+ 34. Bf1 Rb1 $19) 33... Nd2) 33. Bg2 (33. c6 $1 $14 Bxc6 34. Bg2) 33... c2 {Hoping for ...Nf3+.} 34. R7a3 $2 {[%mdl 8192] [#]} (34. c6 $11 {and White has nothing to worry.} Nb1 35. Bxe4 c1=Q+ 36. Kg2) 34... Nb3 $1 {[%mdl 512]} 35. Bxe4 Nxa1 (35... Rd1+ $142 36. Kg2 Rxa1 37. Rxa1 Nxa1 38. Bxc2 Nxc2) 36. Bxc2 (36. Rxa1 {was the only chance.} Rd1+ {[%mdl 64] Double Attack} 37. Kg2 Rxa1 38. Bxc2) 36... Nxc2 $19 37. Ra6 e5 38. Kg2 Rc8 39. Ra5 Nb4 {Weighted Error Value: White=0.36/Black=0.25} 0-1

[Event "EOC-ch Playoff-A 2021"]
[Site "Online"]
[Date "2021.03.29"]
[Round "1.7"]
[White "Hamdouchi, Hicham"]
[Black "Steinberg, Nitzan"]
[Result "1-0"]
[WhiteElo "2561"]
[BlackElo "2553"]
[Annotator "ChessBase"]
[PlyCount "119"]
[EventDate "2021.03.29"]
[EventType "team-tourn"]
[EventCountry "NET"]
[SourceTitle "playchess.com"]
[Source "ChessBase"]
[SourceQuality "1"]
[TimeControl "900+5"]

1. e4 {[%emt 0:00:00]} c5 {[%emt 0:00:03]} 2. Nf3 {[%emt 0:00:03]} d6 {[%emt 0:00:02]} 3. Bc4 {[%emt 0:00:07]} e6 {[%emt 0:00:13]} 4. d3 {[%emt 0:00:05]} Nc6 {[%emt 0:00:06]} 5. Bb3 {[%emt 0:00:05]} Nf6 {[%emt 0:00:04]} 6. O-O {[%emt 0:00:05]} Be7 {[%emt 0:00:02]} 7. c3 {[%emt 0:00:02]} O-O {[%emt 0:00:03]} 8. Re1 {[%emt 0:00:02]} b5 {[%emt 0:00:19]} 9. d4 {[%emt 0:00:51]} Bb7 {[%emt 0:00:03]} 10. a3 {[%emt 0:01:31]} Rc8 {[%emt 0:00:38]} 11. Bc2 {[%emt 0:00:20]} e5 {[%emt 0:01:24]} 12. d5 {[%emt 0:00:33]} Na5 {[%emt 0:00:10]} 13. b3 {[%emt 0:00:04]} Nd7 {[%emt 0:00:11]} 14. Nbd2 {[%emt 0:00:17]} Nb6 {[%emt 0:00:08]} 15. Qe2 {[%emt 0:00:54]} a6 {[%emt 0:00:22]} 16. c4 {[%emt 0:00:30]} Qd7 {[%emt 0:01:45]} 17. Rb1 {[%emt 0:01:54]} Rb8 {[%emt 0:00:53]} 18. Bb2 {[%emt 0:01:13]} Bc8 {[%emt 0:01:28]} 19. Bc3 {[%emt 0:00:37]} Nb7 {[%emt 0:00:05]} 20. cxb5 {[%emt 0:01:15]} axb5 {[%emt 0:00:02]} 21. Bd3 {[%emt 0:00:02]} f5 {[%emt 0:00:52]} 22. Bxb5 {[%emt 0:00:12]} Qc7 {[%emt 0:00:04]} 23. Bc4 {[%emt 0:01:43]} Kh8 {[%emt 0:00:19]} 24. exf5 {[%emt 0:00:57]} Bxf5 {[%emt 0:00:04]} 25. Rb2 {[%emt 0:00:37]} Ra8 {[%emt 0:00:03]} 26. a4 {[%emt 0:00:08]} Na5 {[%emt 0:00:31]} 27. Bxa5 {[%emt 0:00:56]} Rxa5 {[%emt 0:00:03]} 28. Qe3 {[%emt 0:00:02]} Qb7 {[%emt 0:01:26]} 29. Qc3 {[%emt 0:00:21]} Raa8 {[%emt 0:00:02]} 30. Ne4 {[%emt 0:00:39]} Nxd5 {[%emt 0:01:06]} 31. Nxc5 {[%emt 0:00:44]} dxc5 {[%emt 0:02:11]} 32. Qxe5 {[%emt 0:00:03]} Bf6 {[%emt 0:00:48]} 33. Qxf5 {[%emt 0:00:01]} Bxb2 {[%emt 0:00:03]} 34. Bxd5 {[%emt 0:00:28]} Qb4 {[%emt 0:01:12]} 35. Qb1 {[%emt 0:00:12]} Rae8 {[%emt 0:00:03]} 36. Rxe8 {[%emt 0:00:10]} Rxe8 {[%emt 0:00:01]} 37. g3 {[%emt 0:00:03]} Bf6 {[%emt 0:00:20]} 38. Qf5 {[%emt 0:00:03]} Qc3 {[%emt 0:00:28]} 39. Kg2 {[%emt 0:00:04]} Rd8 {[%emt 0:00:21]} 40. Be4 {[%emt 0:00:13]} g6 {[%emt 0:00:01]} 41. Qe6 {[%emt 0:00:01]} Kg7 {[%emt 0:00:02]} 42. h4 {[%emt 0:00:07]} Qa5 {[%emt 0:00:19]} 43. h5 {[%emt 0:00:07]} Qc7 {[%emt 0:00:08]} 44. h6+ {[%emt 0:00:03]} Kxh6 {[%emt 0:00:01]} 45. Qxf6 {[%emt 0:00:02]} Qd6 {[%emt 0:00:04]} 46. Qxd6 {[%emt 0:00:03]} Rxd6 {[%emt 0:00:02]} 47. Ne5 {[%emt 0:00:03]} Kg7 {[%emt 0:00:04]} 48. Nc4 {[%emt 0:00:05]} Rd1 {[%emt 0:00:03]} 49. a5 {[%emt 0:00:04]} Ra1 {[%emt 0:00:02]} 50. Bb7 {[%emt 0:00:01]} Kf6 {[%emt 0:00:01]} 51. a6 {[%emt 0:00:02]} Ke7 {[%emt 0:00:08]} 52. Nb6 {[%emt 0:00:02]} Kd8 {[%emt 0:00:05]} 53. Na4 {[%emt 0:00:05]} Kc7 {[%emt 0:00:08]} 54. Nxc5 {[%emt 0:00:02]} Ra3 {[%emt 0:00:07]} 55. b4 {[%emt 0:00:06]} Kb6 {[%emt 0:00:03]} 56. Nd7+ {[%emt 0:00:09]} Kb5 {[%emt 0:00:01]} 57. Ne5 {[%emt 0:00:09]} g5 {[%emt 0:00:16]} 58. g4 {[%emt 0:00:12]} h6 {[%emt 0:00:07]} 59. Nf7 {[%emt 0:00:06]} Kxb4 {[%emt 0:00:02]} 60. Nxh6 {[%emt 0:00:02]} 1-0